[Event "Open Est 2016-2017"]
[Site "Aubagne"]
[Date "2017.02.04"]
[Round "6.36"]
[White "Naam, Shedy"]
[Black "Feron, Anne-Marie"]
[Result "1-0"]
[WhiteElo "1150"]
[BlackElo "1399"]
[PlyCount "119"]
[EventDate "2016.??.??"]
[WhiteTeam "Cassis Echecs"]
[BlackTeam "Club d'Echecs Pennois (CEP)"]

1. e4 c5 2. Nc3 Nc6 3. Nf3 h6 4. d4 cxd4 5. Nxd4 g6 6. Nxc6 bxc6 7. Bc4 e6 8.
O-O Bg7 9. Be3 Ne7 10. Bd4 O-O 11. Bc5 Re8 12. Bd4 d5 13. Bd3 Qa5 14. Bxg7 Kxg7
15. Qe1 Qb6 16. Na4 Qd4 17. b3 f5 18. Qc3 Qxc3 19. Nxc3 d4 20. Ne2 c5 21. exf5
exf5 22. c3 Nc6 23. Rac1 Bd7 24. Nf4 Ne5 25. cxd4 cxd4 26. Rcd1 Nc6 27. Nd5
Rac8 28. Rfe1 Be6 29. Nf4 Kf6 30. Re2 Rc7 31. Rde1 Rce7 32. Nxe6 Nb4 33. Bc4 d3
34. Rd2 a5 35. a4 g5 36. h3 h5 37. f3 Rg8 38. g4 f4 39. gxh5 Rh8 40. Red1 Rxh5
41. Kh2 Reh7 42. Nd4 Rxh3+ 43. Kg2 Rg3+ 44. Kf2 Rh2+ 45. Kf1 Rh1+ 46. Kf2 Rxd1
47. Rxd1 Ke5 48. Nb5 Rh3 49. Re1+ Kf5 50. Nd6+ Kg6 51. Bf7+ Kf6 52. Re6+ Kg7
53. Rg6+ Kf8 54. Rg8+ Ke7 55. Re8+ Kxd6 56. Re6+ Kc5 57. Re5+ Kd4 58. Re4+ Kc3
59. Rc4+ Kxb3 60. Rd4+ 1-0

[Event "Open Est 2016-2017"]
[Site "Aubagne"]
[Date "2017.02.04"]
[Round "6.37"]
[White "Pignol, Jeanne"]
[Black "Periale, Francine"]
[Result "0-1"]
[WhiteElo "1399"]
[BlackElo "1106"]
[PlyCount "70"]
[EventDate "2016.??.??"]
[WhiteTeam "Club d'Echecs Pennois (CEP)"]
[BlackTeam "Cercle d'Echecs Aubagnais"]

1. e4 d6 2. Nc3 g6 3. f4 Bg7 4. Nf3 c5 5. Be2 a6 6. O-O Nc6 7. d3 Nf6 8. e5 Ng4
9. h3 Nh6 10. a3 Nd4 11. Nxd4 cxd4 12. Ne4 d5 13. Ng5 Be6 14. Bd2 O-O 15. h4
Bf5 16. Qe1 Rc8 17. Rc1 b6 18. h5 Rc6 19. Qg3 Qd7 20. Qh4 Ng4 21. h6 Nxh6 22.
Rf3 Bg4 23. f5 gxf5 24. Rg3 Bxe2 25. Nxh7 Rfc8 26. Bxh6 Rxh6 27. Qg5 Rg6 28.
Qh4 Qe6 29. Ng5 Rh6 30. Nxe6 Rxh4 31. Rxg7+ Kh8 32. Re1 Rxc2 33. g3 Rh3 34. Kg2
Bg4+ 35. Kf1 Rh1# 0-1

[Event "Open Est 2016-2017"]
[Site "Aubagne"]
[Date "2017.02.04"]
[Round "6.38"]
[White "Vidal, Jean-Pierre"]
[Black "Pentcheff, Julie"]
[Result "1-0"]
[WhiteElo "1324"]
[BlackElo "1090"]
[PlyCount "39"]
[EventDate "2016.??.??"]
[WhiteTeam "Club d'Echecs Pennois (CEP)"]
[BlackTeam "Cassis Echecs"]

1. c4 c6 2. Nc3 d5 3. e3 dxc4 4. Bxc4 Nf6 5. f3 Nd5 6. Nge2 Nxc3 7. bxc3 e6 8.
O-O Bd6 9. d4 Qh4 10. h3 Qe7 11. e4 e5 12. d5 Bc5+ 13. Kh2 b5 14. d6 Bxd6 15.
Bb3 f5 16. Ng3 Kd7 17. Nxf5 Qf6 18. Bg5 Qf8 19. Be7 Qe8 20. Qxd6# 1-0

[Event "Open Est 2016-2017"]
[Site "Aubagne"]
[Date "2017.02.04"]
[Round "6.39"]
[White "Gianfranceschi, Gerard"]
[Black "Soulet, Julia"]
[Result "0-1"]
[WhiteElo "1040"]
[BlackElo "1177"]
[PlyCount "70"]
[EventDate "2016.??.??"]
[WhiteTeam "Cercle d'Echecs Aubagnais"]
[BlackTeam "Cassis Echecs"]

1. e4 e5 2. Nf3 Nf6 3. d4 Nxe4 4. Be3 Nc6 5. dxe5 d5 6. c4 d4 7. Nxd4 Nxe5 8.
f3 Bb4+ 9. Nc3 Nxc3 10. Qd2 Nxa2 11. Nb3 Bxd2+ 12. Nxd2 Nb4 13. Ra3 Nc2+ 14.
Kf2 Nxa3 15. bxa3 Nd3+ 16. Ke2 O-O 17. g3 Re8 18. Bg2 Qd4 19. Nf1 Qb2+ 20. Nd2
Nc1+ 21. Kf2 Nb3 22. Rb1 Qxa3 23. Rxb3 Qe7 24. Ne4 Bf5 25. Bg5 f6 26. Bxf6 gxf6
27. Nxf6+ Qxf6 28. f4 Qd4+ 29. Kf3 Qe4+ 30. Kf2 Qe2+ 31. Kg1 Qd1+ 32. Kf2 Re2+
33. Kf3 Qxb3+ 34. Kxe2 Re8+ 35. Kd2 Qd3+ 0-1

[Event "Open Est 2016-2017"]
[Site "Aubagne"]
[Date "2017.04.02"]
[Round "6.41"]
[White "Denis, Aurele"]
[Black "Denis, Karine"]
[Result "1/2-1/2"]
[WhiteElo "1010"]
[BlackElo "1183"]
[PlyCount "82"]
[EventDate "2016.??.??"]
[WhiteTeam "Marseille Passion Echecs"]
[BlackTeam "Marseille Passion Echecs"]

1. g3 Nf6 2. Bg2 e5 3. d3 Nc6 4. Bg5 Be7 5. Bxf6 Bxf6 6. Nc3 O-O 7. e4 d6 8.
Nf3 Nd4 9. Nxd4 exd4 10. Nd5 Re8 11. O-O Be6 12. Nxf6+ Qxf6 13. Bf3 Rad8 14.
Bg4 Bxg4 15. Qxg4 Qe6 16. Qxe6 Rxe6 17. Rae1 c5 18. c3 dxc3 19. bxc3 b5 20. d4
cxd4 21. cxd4 a5 22. e5 dxe5 23. Rxe5 Rxe5 24. dxe5 f6 25. f4 fxe5 26. fxe5 b4
27. e6 a4 28. e7 Re8 29. Rf3 b3 30. axb3 axb3 31. Rxb3 Rxe7 32. Kf2 Rf7+ 33.
Rf3 Rxf3+ 34. Kxf3 Kf7 35. Kf4 Kf6 36. h4 h6 37. g4 g5+ 38. hxg5+ hxg5+ 39. Ke4
Ke6 40. Kd4 Kf6 41. Ke4 Ke6 1/2-1/2

[Event "Open Est 2016-2017"]
[Site "Aubagne"]
[Date "2017.02.04"]
[Round "6.42"]
[White "Hours, Evelyne"]
[Black "De Laurentis, Pierre"]
[Result "0-1"]
[WhiteElo "1399"]
[BlackElo "1399"]
[PlyCount "21"]
[EventDate "2016.??.??"]
[WhiteTeam "Club d'Echecs Pennois (CEP)"]
[BlackTeam "Cassis Echecs"]

1. e4 Nf6 2. Nc3 c5 3. d3 e6 4. Bg5 d5 5. Na4 h6 6. Be3 Nfd7 7. Nf3 g6 8. d4
Na6 9. Bxa6 bxa6 10. O-O Bg7 11. dxc5 0-1

[Event "Open Est 2016-2017"]
[Site "Aubagne"]
[Date "2017.03.04"]
[Round "7.1"]
[White "Denis, Vincent"]
[Black "Lapusan, Razvan"]
[Result "0-1"]
[WhiteElo "1811"]
[BlackElo "1626"]
[PlyCount "88"]
[EventDate "2016.??.??"]
[WhiteTeam "Marseille Passion Echecs"]
[BlackTeam "Cercle d'Echecs Aubagnais"]

1. e4 d5 2. Nc3 dxe4 3. Nxe4 Bf5 4. Ng3 Bg6 5. d4 e6 6. Nf3 Nc6 7. c3 Bd6 8.
Bb5 Nge7 9. Nh4 Bxg3 10. hxg3 Qd5 11. Nxg6 Nxg6 12. Be2 O-O-O 13. Bf3 Qd6 14.
Qa4 h6 15. Be3 a6 16. O-O-O Nb8 17. d5 b5 18. Qd4 Ne5 19. Be2 Qxd5 20. Qf4 Qxa2
21. Qxe5 Qa1+ 22. Kc2 Qa4+ 23. Kb1 Nc6 24. Qc5 Qe4+ 25. Ka1 Qxg2 26. Qh5 Qe4
27. Bf3 Qa4+ 28. Kb1 Na5 29. Qxf7 Qb3 30. Bf4 Qc4 31. Rhe1 g5 32. Be2 Qc6 33.
Rxd8+ Rxd8 34. Bf3 Qc4 35. Be3 Qd3+ 36. Ka1 Nb3+ 37. Ka2 Qc4 38. Be2 Nc1+ 39.
Kb1 Nxe2 40. Qf3 Qd3+ 41. Ka1 Nxc3 42. bxc3 Qxc3+ 43. Ka2 Rd2+ 44. Bxd2 Qxf3
0-1

[Event "Open Est 2016-2017"]
[Site "Aubagne"]
[Date "2017.03.04"]
[Round "7.2"]
[White "Pelopidas, Florian"]
[Black "Desjardins, Rene"]
[Result "1-0"]
[WhiteElo "1700"]
[BlackElo "1392"]
[PlyCount "41"]
[EventDate "2016.??.??"]
[WhiteTeam "L'Echiquier du Roy René"]
[BlackTeam "Club d'Echecs Pennois (CEP)"]

1. d4 f5 2. e4 d5 3. exd5 Qxd5 4. Nc3 Qe6+ 5. Be2 Nf6 6. Nf3 h6 7. O-O c6 8.
Ne5 h5 9. Re1 Nbd7 10. Ng6 Rh7 11. Bxh5 Qf7 12. Nxf8 Rxh5 13. Ne6 Ng4 14. h3
Ndf6 15. Nc7+ Kd7 16. Nxa8 Qg6 17. Qe2 Qf7 18. Bf4 e6 19. hxg4 Nxg4 20. f3 Rh1+
21. Kxh1 1-0

[Event "Open Est 2016-2017"]
[Site "Aubagne"]
[Date "2017.03.04"]
[Round "7.3"]
[White "Gutman, Leni"]
[Black "Roger, Patrick"]
[Result "1-0"]
[WhiteElo "1514"]
[BlackElo "1668"]
[PlyCount "89"]
[EventDate "2016.??.??"]
[WhiteTeam "Marseille Echecs"]
[BlackTeam "Club Provence Echecs"]

1. d4 Nf6 2. c4 g6 3. Nf3 Bg7 4. Nc3 O-O 5. Bg5 h6 6. Bh4 d6 7. e3 Bg4 8. Be2
Nbd7 9. h3 Bf5 10. g4 Be4 11. Nxe4 Nxe4 12. Qc2 Nef6 13. Bd3 Qe8 14. g5 Nh5 15.
Be2 e5 16. O-O-O e4 17. Nd2 hxg5 18. Bxg5 Nhf6 19. h4 c5 20. d5 b5 21. cxb5 Nb6
22. Bxf6 Bxf6 23. Nxe4 Qe5 24. Nxf6+ Qxf6 25. f3 Rfe8 26. e4 c4 27. Kb1 Re5 28.
Rdf1 Qf4 29. Qc1 Qxc1+ 30. Rxc1 Nxd5 31. Bxc4 Nb6 32. Bd3 Nd7 33. Rc7 Nb6 34.
Kc2 d5 35. Rg1 dxe4 36. Bxe4 Rc8 37. Rxc8+ Nxc8 38. Bc6 Ne7 39. b4 a6 40. a4
Re2+ 41. Kd3 Rh2 42. Rg4 Ra2 43. a5 Ra3+ 44. Kc4 Ra1 45. Kc5 1-0

[Event "Open Est 2016-2017"]
[Site "Aubagne"]
[Date "2017.03.04"]
[Round "7.4"]
[White "Benezra, David"]
[Black "Deregnaucourt, Yves"]
[Result "1-0"]
[WhiteElo "1403"]
[BlackElo "1733"]
[PlyCount "36"]
[EventDate "2016.??.??"]
[WhiteTeam "L'Echiquier du Roy René"]
[BlackTeam "Cercle d'Echecs Aubagnais"]

1. d4 Nf6 2. c4 c5 3. d5 b5 4. Qc2 Qa5+ 5. Bd2 b4 6. e4 d6 7. Nf3 Nbd7 8. Bd3
g6 9. h3 Bg7 10. O-O O-O 11. Bf4 Qc7 12. Nbd2 Nb6 13. Rfe1 e5 14. dxe6 fxe6 15.
e5 Ne8 16. exd6 Nxd6 17. Be5 Bd7 18. Bxg7 Kxg7 1-0

[Event "Open Est 2016-2017"]
[Site "Aubagne"]
[Date "2017.03.04"]
[Round "7.5"]
[White "Bertrand, Frederic"]
[Black "Borrini, Rodrigue"]
[Result "1/2-1/2"]
[WhiteElo "1542"]
[BlackElo "1274"]
[PlyCount "49"]
[EventDate "2016.??.??"]
[WhiteTeam "Cercle d'Echecs Aubagnais"]
[BlackTeam "L'Echiquier du Roy René"]

1. e4 e6 2. d4 d5 3. Nc3 Nf6 4. Bg5 Be7 5. e5 Nfd7 6. Bxe7 Qxe7 7. Bd3 O-O 8.
Nf3 f6 9. exf6 Nxf6 10. O-O c5 11. dxc5 Qxc5 12. Na4 Qd6 13. c4 Bd7 14. cxd5
Qxd5 15. Nc3 Qc5 16. Ne4 Nxe4 17. Bxe4 Bc6 18. Bxc6 Nxc6 19. Qe2 Rae8 20. Rac1
Qa5 21. Qc4 Ne5 22. Nxe5 Qxe5 23. Rce1 Qxb2 24. Rxe6 b5 25. Re2+ 1/2-1/2

[Event "Open Est 2016-2017"]
[Site "Aubagne"]
[Date "2017.03.04"]
[Round "7.6"]
[White "Bui, Christopher"]
[Black "Favarel-Lubeigt, Helina"]
[Result "0-1"]
[WhiteElo "1401"]
[BlackElo "1523"]
[PlyCount "108"]
[EventDate "2016.??.??"]
[WhiteTeam "Cercle d'Echecs Aubagnais"]
[BlackTeam "L'Echiquier du Roy René"]

1. Nf3 Nf6 2. d4 g6 3. c4 Bg7 4. Nc3 d5 5. cxd5 Nxd5 6. e4 Nxc3 7. bxc3 O-O 8.
Bf4 Bg4 9. h3 Bxf3 10. Qxf3 c5 11. d5 Nd7 12. Be2 Nf6 13. Bd2 Re8 14. Bb5 Nd7
15. O-O a6 16. Ba4 b5 17. Bb3 c4 18. Bc2 Ne5 19. Qg3 e6 20. f4 Nc6 21. Rad1
exd5 22. exd5 Qxd5 23. f5 Qe5 24. Qxe5 Nxe5 25. fxg6 hxg6 26. a4 Rad8 27. Rf2
Nd3 28. Bxd3 Rxd3 29. Rf3 Rxf3 30. gxf3 Rd8 31. axb5 axb5 32. Kf2 Bxc3 33. Bxc3
Rxd1 34. Ke2 Rc1 35. Bd4 c3 36. Kd3 b4 37. Kc4 c2 38. Kb3 Rd1 39. Bb2 c1=Q 40.
Bxc1 Rxc1 41. Kxb4 Kf8 42. f4 Ke7 43. h4 Kd6 44. f5 Ke5 45. Kb3 Kd4 46. Kb2 Rc8
47. Kb3 Rc7 48. fxg6 fxg6 49. Kb2 Kd3 50. Kb1 Kd2 51. Kb2 Rb7+ 52. Ka2 Kc3 53.
Ka1 Kc2 54. h5 Ra7# 0-1

[Event "Open Est 2016-2017"]
[Site "Aubagne"]
[Date "2017.03.04"]
[Round "7.7"]
[White "Ghazarian, David"]
[Black "Sage, Jean-Claude"]
[Result "1-0"]
[WhiteElo "1486"]
[BlackElo "1589"]
[PlyCount "83"]
[EventDate "2016.??.??"]
[WhiteTeam "Cercle d'Echecs Aubagnais"]
[BlackTeam "Echiquier Marseillais 1872"]

1. e4 e5 2. Nf3 Nc6 3. d4 exd4 4. Nxd4 Nf6 5. Nxc6 bxc6 6. e5 Nd5 7. c4 Nb6 8.
Nc3 d5 9. exd6 cxd6 10. Bf4 Be6 11. Qd4 Qe7 12. O-O-O Rd8 13. g3 Qd7 14. Ne4 d5
15. Nc5 Bxc5 16. Qxc5 Na4 17. Qd4 dxc4 18. Qxd7+ Rxd7 19. Bg2 Bd5 20. Rhe1+ Kd8
21. Bh3 Re7 22. Rxe7 Kxe7 23. Re1+ Kd8 24. Bb8 Nc5 25. Re3 Nd3+ 26. Kd2 Nxf2
27. Bf5 g6 28. Ke2 Re8 29. Bc7+ Kxc7 30. Rxe8 gxf5 31. Kxf2 Be6 32. Rh8 c3 33.
bxc3 Bxa2 34. Rxh7 Be6 35. Ke3 a5 36. Rh4 Kb6 37. Rd4 c5 38. Rf4 Kb5 39. Kd3 a4
40. h4 a3 41. Kc2 a2 42. Kb2 1-0

[Event "Open Est 2016-2017"]
[Site "Aubagne"]
[Date "2017.03.04"]
[Round "7.8"]
[White "Morata, Serge"]
[Black "Cavanihac, Claude"]
[Result "0-1"]
[WhiteElo "1240"]
[BlackElo "1504"]
[PlyCount "120"]
[EventDate "2016.??.??"]
[WhiteTeam "Cercle d'Echecs Aubagnais"]
[BlackTeam "Cercle d'Echecs Aubagnais"]

1. e4 e5 2. Nf3 Nc6 3. Bc4 Be7 4. d4 exd4 5. Nxd4 Ne5 6. Bb3 Nf6 7. Nc3 c6 8.
a4 d6 9. h3 Ned7 10. O-O Nc5 11. Re1 Nxb3 12. Nxb3 O-O 13. e5 dxe5 14. Qxd8
Rxd8 15. Rxe5 Bd6 16. Re2 Be6 17. Bg5 Bxb3 18. cxb3 Rd7 19. Bxf6 gxf6 20. Ne4
Be5 21. Rae1 b6 22. g3 Rd3 23. Nd2 Kf8 24. Nc4 Bd4 25. Kg2 Rxb3 26. f3 b5 27.
axb5 cxb5 28. Na5 Rxb2 29. Rxb2 Bxb2 30. Rb1 Bc3 31. Rxb5 Rd8 32. Kf1 Rd1+ 33.
Ke2 Rd2+ 34. Ke3 Ra2 35. Nc4 a5 36. Kd3 Bb4 37. Rb7 Kg7 38. g4 Rh2 39. h4 Rxh4
40. Ne3 Kg6 41. Rb5 Rh2 42. Ke4 h5 43. gxh5+ Rxh5 44. Rxh5 Kxh5 45. Kf5 Bc3 46.
Nc2 a4 47. f4 Bb2 48. Nb4 a3 49. Na2 Kh4 50. Nb4 Kg3 51. Na2 Kf3 52. Nb4 Bc1
53. Kxf6 Bxf4 54. Kxf7 Ke4 55. Ke6 Bd2 56. Na2 Kd3 57. Kd5 Kc2 58. Kc4 Kb2 59.
Kd3 Kxa2 60. Kc2 Bf4 0-1

[Event "Open Est 2016-2017"]
[Site "Aubagne"]
[Date "2017.03.04"]
[Round "7.9"]
[White "Andonian, Pierre"]
[Black "Gamblin, Vincent"]
[Result "0-1"]
[WhiteElo "1499"]
[BlackElo "1448"]
[PlyCount "88"]
[EventDate "2016.??.??"]
[WhiteTeam "Echiquier Marseillais 1872"]
[BlackTeam "Marseille Echecs"]

1. Nf3 Nf6 2. d3 d5 3. Bg5 e6 4. Nbd2 Be7 5. c3 O-O 6. h3 c5 7. e4 d4 8. c4 Nc6
9. Be2 h6 10. Bf4 Nd7 11. Nb3 e5 12. Bg3 a5 13. a4 Bd6 14. Nh4 Ne7 15. O-O g5
16. Nf5 Nxf5 17. exf5 Nf6 18. Bf3 Rb8 19. Bg4 Nxg4 20. hxg4 f6 21. f3 b6 22.
Nd2 Qe8 23. Ne4 Be7 24. Be1 h5 25. g3 Kg7 26. Kg2 Rh8 27. Qe2 Bd7 28. b3 hxg4
29. fxg4 Rh6 30. Kf3 Qh8 31. Bd2 Rh2 32. Rf2 Rxf2+ 33. Qxf2 Bc6 34. Ra2 Qh1+
35. Qg2 Qd1+ 36. Qe2 Qxb3 37. Be1 Bxe4+ 38. Kxe4 Rh8 39. Rb2 Qxa4 40. Rxb6 Rh1
41. Rb5 Qa1 42. Bxa5 Rb1 43. Rxb1 Qxb1 44. Bd2 Qb7# 0-1

[Event "Open Est 2016-2017"]
[Site "Aubagne"]
[Date "2017.03.04"]
[Round "7.10"]
[White "Hunault, Francis"]
[Black "Roche, Alain"]
[Result "1-0"]
[WhiteElo "1476"]
[BlackElo "1376"]
[PlyCount "58"]
[EventDate "2016.??.??"]
[WhiteTeam "Cercle d'Echecs Aubagnais"]
[BlackTeam "Echiquier Marseillais 1872"]

1. d4 d5 2. c4 c6 3. Nf3 h6 4. Nc3 a6 5. cxd5 cxd5 6. e3 Nf6 7. Qc2 e6 8. Bd3
Nc6 9. a3 Be7 10. O-O Bd6 11. Ne2 e5 12. dxe5 Nxe5 13. Nxe5 Bxe5 14. f4 Bd6 15.
Bd2 O-O 16. Nd4 Re8 17. Nf5 Bxf5 18. Bxf5 Ne4 19. Bxe4 Rxe4 20. Rf3 Rc8 21. Qd3
Be7 22. Bc3 Bf6 23. Bxf6 Qxf6 24. Qxd5 Rce8 25. Qxb7 Rxe3 26. Rxe3 Rxe3 27.
Qb8+ Kh7 28. Kf2 Qd4 29. Qb4 Qd2+ 1-0

[Event "Open Est 2016-2017"]
[Site "Aubagne"]
[Date "2017.03.04"]
[Round "7.11"]
[White "Corrias, Robert"]
[Black "Ralijaona, Gabriela"]
[Result "1-0"]
[WhiteElo "1555"]
[BlackElo "1287"]
[PlyCount "103"]
[EventDate "2016.??.??"]
[WhiteTeam "Club d'Echecs Pennois (CEP)"]
[BlackTeam "Marseille Passion Echecs"]

1. c4 e5 2. d3 d6 3. Nf3 Nc6 4. g3 Nf6 5. Bg2 Be6 6. O-O Qc8 7. Ng5 Bd7 8. Nc3
h6 9. Nge4 Be7 10. Nxf6+ Bxf6 11. Nd5 Rg8 12. Nxf6+ gxf6 13. Bxh6 Bh3 14. Bd2
Rh8 15. Bxc6+ bxc6 16. Qa4 Bxf1 17. Qxc6+ Ke7 18. Rxf1 Qh3 19. Qg2 Rag8 20.
Qxh3 Rxh3 21. Kg2 Rgh8 22. Rh1 f5 23. Bg5+ Ke6 24. Bh4 R3xh4 25. gxh4 Rxh4 26.
h3 Kf6 27. Kg3 Kg5 28. e3 f4+ 29. exf4+ exf4+ 30. Kf3 Kf5 31. b4 Ke5 32. Ke2
Kd4 33. Kd2 f3 34. Re1 f5 35. Rh1 f4 36. a4 a6 37. Re1 d5 38. cxd5 Kxd5 39. Re4
c5 40. Kc3 cxb4+ 41. Rxb4 Rxh3 42. Rxf4 Ke5 43. Rf8 Kd5 44. Kd2 Kd4 45. Rf4+
Kc5 46. Ke3 a5 47. d4+ Kd5 48. Rf5+ Kc4 49. Rxa5 Rh4 50. Rc5+ Kb4 51. a5 Rxd4
52. Kxd4 1-0

[Event "Open Est 2016-2017"]
[Site "Aubagne"]
[Date "2017.03.04"]
[Round "7.12"]
[White "Besucco, Guy"]
[Black "Benezra, Ruthy"]
[Result "0-1"]
[WhiteElo "1345"]
[BlackElo "1533"]
[PlyCount "66"]
[EventDate "2016.??.??"]
[WhiteTeam "La Ciotat Echecs (LCE)"]
[BlackTeam "L'Echiquier du Roy René"]

1. c4 e5 2. Nc3 Nf6 3. g3 d5 4. cxd5 Nxd5 5. Bg2 Be6 6. Nf3 Nc6 7. O-O Bc5 8.
e3 O-O 9. a3 Qd7 10. d4 exd4 11. exd4 Be7 12. b4 Nxc3 13. Qd3 Nd5 14. Bb2 Bf5
15. Qe2 Rfe8 16. Ne5 Qe6 17. f4 f6 18. Bxd5 Qxd5 19. Nxc6 Qxc6 20. Qd2 Bd6 21.
Rac1 Qe4 22. Rce1 Qd5 23. Rxe8+ Rxe8 24. Re1 Rxe1+ 25. Qxe1 Kf7 26. Qe2 Qa2 27.
Qh5+ Bg6 28. Qe2 Qb1+ 29. Kf2 Bd3 30. Qh5+ Kf8 31. Ke3 Bc4 32. Qh3 Qe1+ 33. Kf3
Qe2# 0-1

[Event "Open Est 2016-2017"]
[Site "Aubagne"]
[Date "2017.03.04"]
[Round "7.13"]
[White "Vicari-Vento, Salvatore"]
[Black "Salvi, Angele"]
[Result "1-0"]
[WhiteElo "1436"]
[BlackElo "1048"]
[PlyCount "51"]
[EventDate "2016.??.??"]
[WhiteTeam "Cercle d'Echecs Aubagnais"]
[BlackTeam "Cercle d'Echecs Aubagnais"]

1. e4 d5 2. exd5 Qxd5 3. Nc3 Qa5 4. d4 Nf6 5. Bd2 c6 6. Nf3 Bf5 7. Be2 e6 8. h3
h6 9. Ne5 Qc7 10. Bf4 Bd6 11. Bh2 O-O 12. f4 Nbd7 13. Bd3 Ne4 14. Nxe4 Qa5+ 15.
c3 Nxe5 16. fxe5 Be7 17. a3 Qd5 18. Qe2 Bh4+ 19. g3 Be7 20. h4 c5 21. Bg1 c4
22. Bc2 b5 23. O-O-O Qb7 24. Bf2 a5 25. Qf3 Bh7 26. Nf6+ 1-0

[Event "Open Est 2016-2017"]
[Site "Aubagne"]
[Date "2017.03.04"]
[Round "7.14"]
[White "Cocordano, Claire"]
[Black "Denis, Alexandra"]
[Result "0-1"]
[WhiteElo "1434"]
[BlackElo "1247"]
[PlyCount "72"]
[EventDate "2016.??.??"]
[WhiteTeam "Cercle d'Echecs Aubagnais"]
[BlackTeam "Marseille Passion Echecs"]

1. e4 c5 2. Nf3 e6 3. c3 Nf6 4. e5 Nd5 5. c4 Nb6 6. b3 d6 7. Bb2 Nc6 8. Be2 Qc7
9. exd6 Qxd6 10. d4 Be7 11. dxc5 Qxd1+ 12. Bxd1 Bxc5 13. O-O O-O 14. Nc3 Nd7
15. Ne4 Bb6 16. Bc2 Nc5 17. Nxc5 Bxc5 18. Ng5 h6 19. Ne4 Bd4 20. Bxd4 Nxd4 21.
Bd3 b6 22. Nd6 Rd8 23. Nxc8 Raxc8 24. Rad1 Rd6 25. Rfe1 Rcd8 26. Re3 Nc2 27.
Rg3 Nb4 28. Kf1 Nxd3 29. Ke2 Nf4+ 30. Ke3 Nxg2+ 31. Rxg2 Rxd1 32. f3 g5 33. h3
f5 34. h4 R8d3+ 35. Kf2 R1d2+ 36. Kg3 Rxg2+ 0-1

[Event "Open Est 2016-2017"]
[Site "Aubagne"]
[Date "2017.03.04"]
[Round "7.15"]
[White "Autouard, Jean-Luc"]
[Black "Cureau, Dominique"]
[Result "0-1"]
[WhiteElo "1269"]
[BlackElo "1405"]
[PlyCount "60"]
[EventDate "2016.??.??"]
[WhiteTeam "Cercle d'Echecs Aubagnais"]
[BlackTeam "Echiquier Marseillais 1872"]

1. e4 c5 2. Nc3 Nc6 3. f4 d6 4. Nf3 Bg4 5. Bc4 e6 6. Bb5 Nge7 7. O-O a6 8.
Bxc6+ Nxc6 9. Qe1 Bxf3 10. Rxf3 Nd4 11. Rf2 Nxc2 12. Qf1 Nxa1 13. f5 exf5 14.
Rxf5 f6 15. Qd1 b5 16. d3 g6 17. Rf2 Bg7 18. Be3 O-O 19. Qxa1 f5 20. Ne2 fxe4
21. Nf4 Qe7 22. Nd5 Qe5 23. Nb6 Ra7 24. Rxf8+ Bxf8 25. Qf1 Rf7 26. Qe2 exd3 27.
Qxd3 Qxb2 28. Qd1 Qxa2 29. Nd5 Rf5 30. g4 Rxd5 0-1

[Event "Open Est 2016-2017"]
[Site "Aubagne"]
[Date "2017.03.04"]
[Round "7.17"]
[White "Periale, Albert"]
[Black "Blanc, Maxime"]
[Result "0-1"]
[WhiteElo "1296"]
[BlackElo "1443"]
[PlyCount "106"]
[EventDate "2016.??.??"]
[WhiteTeam "Cercle d'Echecs Aubagnais"]
[BlackTeam "Cassis Echecs"]

1. e4 Nf6 2. Nc3 d5 3. e5 Ne4 4. d4 Nxc3 5. bxc3 Bf5 6. Nf3 e6 7. a3 c5 8. Bb5+
Nd7 9. O-O a6 10. Bd3 Bxd3 11. Qxd3 Rc8 12. Bg5 Be7 13. Bxe7 Qxe7 14. Rfb1 c4
15. Qd2 Rc7 16. a4 O-O 17. a5 Nb8 18. Re1 Nc6 19. Qd1 Rb8 20. Qb1 Qd8 21. Ra2
Rcc8 22. Qa1 Ra8 23. Rb1 Rcb8 24. Rbb2 b6 25. axb6 Rxb6 26. Rxb6 Qxb6 27. Rb2
Qc7 28. Qb1 Rb8 29. Rxb8+ Qxb8 30. Qxb8+ Nxb8 31. Nd2 f6 32. f4 fxe5 33. fxe5
Kf7 34. Kf2 Nc6 35. Nb1 Na7 36. Na3 Kg6 37. h3 h5 38. h4 Kf5 39. Kf3 g5 40. g3
g4+ 41. Ke3 a5 42. Kd2 Ke4 43. Ke2 a4 44. Kf2 Nc6 45. Ke2 Ne7 46. Kf2 Nf5 47.
Nb1 Ne3 48. Nd2+ Kf5 49. Nb1 Nxc2 50. Ke2 a3 51. Nxa3 Nxa3 52. Kd2 Ke4 53. Ke2
Nb5 0-1

[Event "Open Est 2016-2017"]
[Site "Aubagne"]
[Date "2017.03.04"]
[Round "7.18"]
[White "Bartolini, Manuela"]
[Black "Pietrac, Christian"]
[Result "0-1"]
[WhiteElo "1399"]
[BlackElo "1229"]
[PlyCount "54"]
[EventDate "2016.??.??"]
[WhiteTeam "Cercle d'Echecs Aubagnais"]
[BlackTeam "Club d'Echecs de Miramas"]

1. Nf3 Nf6 2. Nc3 g6 3. e4 d6 4. d4 Bg7 5. Bf4 O-O 6. Bd3 c5 7. e5 Nh5 8. Be3
cxd4 9. Bxd4 Nc6 10. Bc4 Nxd4 11. Ng5 Ne6 12. Nf3 dxe5 13. O-O Nd4 14. Bd3
Nxf3+ 15. Qxf3 f5 16. Qd5+ e6 17. Qxd8 Rxd8 18. Rfe1 e4 19. Bc4 Rd4 20. Rad1
Rxc4 21. Rd8+ Kf7 22. Rd2 Ke7 23. Rc1 Nf4 24. Nb5 Nd5 25. b3 Rc5 26. c4 Bd7 27.
cxd5 Rxc1+ 0-1

[Event "Open Est 2016-2017"]
[Site "Aubagne"]
[Date "2017.03.04"]
[Round "7.19"]
[White "Georgesoglou, Bruno"]
[Black "Delaplace, Mathias"]
[Result "1-0"]
[WhiteElo "1399"]
[BlackElo "1171"]
[PlyCount "161"]
[EventDate "2016.??.??"]
[WhiteTeam "Hay Chess"]
[BlackTeam "Marseille Echecs"]

1. e4 c5 2. Nc3 Nc6 3. f4 g6 4. Nf3 Bg7 5. Bb5 a6 6. Bxc6 bxc6 7. O-O d6 8. Qe1
Qc7 9. d3 Nf6 10. Qh4 Qd7 11. f5 Bb7 12. Na4 Qc7 13. fxg6 hxg6 14. Qg3 Nh5 15.
Qg5 Bf6 16. Qe3 Ng7 17. e5 Nf5 18. Qf2 dxe5 19. Nxc5 Nh4 20. Be3 Nxf3+ 21. gxf3
Bh4 22. Qd2 Rg8 23. Bg5 Qb6 24. Bxh4 Qxc5+ 25. Bf2 Qd6 26. Bg3 Qe6 27. b3 f6
28. Rae1 c5 29. f4 Qd5 30. fxe5 fxe5 31. Rxe5 Qh1+ 32. Kf2 Rf8+ 33. Bf4 Qxh2+
34. Ke1 Qh4+ 35. Kd1 Qg4+ 36. Kc1 Rc8 37. Qe1 Rxf4 38. Rxe7+ Kf8 39. Rg1 Bg2
40. Re2 Qf5 41. Rexg2 Rc6 42. Rg5 Qf6 43. Kb1 Re6 44. Qc1 Rf5 45. Rxg6 Qxg6 46.
Rxg6 Rxg6 47. Kb2 Rgf6 48. Qe3 Kf7 49. d4 Rf3 50. Qe5 cxd4 51. Qxd4 R3f4 52.
Qd7+ Kg6 53. Qd3+ R4f5 54. c4 Kh6 55. Qe3+ Kg6 56. c5 Rf2+ 57. Ka3 R6f3 58.
Qe6+ Rf6 59. Qd7 Rf7 60. Qg4+ Kf6 61. Qd4+ Ke6 62. c6 R2f5 63. Qd3 Ra5+ 64. Kb4
Rxa2 65. Qc4+ Kd6 66. Qxf7 Kxc6 67. Qe6+ Kc7 68. Kc5 Rc2+ 69. Kb4 Rc6 70. Qe7+
Kb6 71. Ka3 Rc7 72. Qd8 Kb7 73. b4 Rc8 74. Qd5+ Rc6 75. Ka4 Kb6 76. Qd4+ Kb7
77. b5 axb5+ 78. Kxb5 Rc7 79. Qd5+ Kc8 80. Kb6 Rd7 81. Qa8# 1-0

[Event "Open Est 2016-2017"]
[Site "Aubagne"]
[Date "2017.03.04"]
[Round "7.20"]
[White "Rocchia, Alex"]
[Black "Pentcheff, Laura"]
[Result "1/2-1/2"]
[WhiteElo "1289"]
[BlackElo "1327"]
[PlyCount "133"]
[EventDate "2016.??.??"]
[WhiteTeam "Cercle d'Echecs Aubagnais"]
[BlackTeam "Cassis Echecs"]

1. e4 d6 2. Nc3 Nf6 3. f4 g6 4. Nf3 Bg7 5. Bc4 O-O 6. O-O c6 7. d3 b5 8. Bb3 a5
9. a4 b4 10. Ne2 Qb6+ 11. Kh1 Ng4 12. Qe1 Nd7 13. d4 Ba6 14. h3 Ngf6 15. Nd2
Bxe2 16. Qxe2 Qxd4 17. Re1 Nh5 18. Qf3 Bh6 19. g3 e5 20. c3 bxc3 21. bxc3 Qb6
22. Rb1 Qa7 23. f5 Bg7 24. Rf1 Nc5 25. Ba2 Nxa4 26. Bb2 Nxb2 27. Rxb2 a4 28.
Qg4 Kh8 29. Nf3 Nf6 30. Qh4 a3 31. Rbf2 Rab8 32. Ng5 h6 33. fxg6 fxg6 34. Rxf6
Rxf6 35. Rxf6 Qe3 36. Nf7+ Kh7 37. Ng5+ Qxg5 38. Qxg5 hxg5 39. Rf2 Rb2 40. Kg2
Rb5 41. Kf3 d5 42. Rd2 Rc5 43. Rd3 d4 44. cxd4 exd4 45. Rxa3 Rc3+ 46. Rxc3 dxc3
47. Ke2 Be5 48. g4 Kg7 49. Kd3 Kf6 50. Bb3 Ke7 51. Kc4 Kd6 52. Bc2 c5 53. Bb3
Bd4 54. Kd3 Ke5 55. Bc4 Kf4 56. Bf7 Kg3 57. Bxg6 Kxh3 58. Bf5 Kg3 59. Be6 Kf2
60. Bf5 c4+ 61. Kc2 Kf3 62. e5 Bxe5 63. Be6 Kf4 64. Bf5 Ke3 65. Be6 Kf4 66. Bf5
Ke3 67. Be6 1/2-1/2